Fr. Conceicao Rodrigues College of Engineering

Modern fitters (Record no. 20443)

MARC details
000 -LEADER
fixed length control field 00288nam a2200145Ia 4500
082 ## - DEWEY DECIMAL CLASSIFICATION NUMBER
Classification number 530.41
100 ## - MAIN ENTRY--PERSONAL NAME
Personal name Haykin/ Simon
245 ## - TITLE STATEMENT
Title Modern fitters
260 ## - PUBLICATION, DISTRIBUTION, ETC.
Name of publisher, distributor, etc. Macmillan
Place of publication, distribution, etc. Singapore
Date of publication, distribution, etc. 1990
300 ## - PHYSICAL DESCRIPTION
Extent 398
546 ## - LANGUAGE NOTE
Language note ENGLISH
654 ## - SUBJECT ADDED ENTRY--FACETED TOPICAL TERMS
Focus term fitters
942 ## - ADDED ENTRY ELEMENTS (KOHA)
Koha item type BOOK
Holdings
Withdrawn status Lost status Damaged status Not for loan Collection Home library Current library Date acquired Source of acquisition Cost, normal purchase price Inventory number Total Checkouts Full call number Barcode Date last seen Cost, replacement price Price effective from Koha item type
        CRC Fr. Agnel's C.Rodrigues College of Engineering Fr. Agnel's C.Rodrigues College of Engineering 17/03/2023 Progressive Books 269.56 2056 dt 05.9.92   530.41 3828 17/03/2023 269.56 05/09/1992 BOOK